LEADER 03039nam 2200457 450 001 9910793580103321 005 20230809232158.0 010 $a1-62023-490-4 035 $a(CKB)4100000007814298 035 $a(MiAaPQ)EBC5729088 035 $a(Au-PeEL)EBL5729088 035 $a(OCoLC)1005186240 035 $a(EXLCZ)994100000007814298 100 $a20220523d2017 uy 0 101 0 $aeng 135 $aurcnu|||||||| 181 $ctxt$2rdacontent 182 $cc$2rdamedia 183 $acr$2rdacarrier 200 10$aAuthentic self-love $ea path to healing the self and relationships /$fSepideh Irvani 210 1$aOcala, Florida :$cAtlantic Publishing Group,$d[2017] 210 4$d©2017 215 $a1 online resource (212 pages) 311 $a1-62023-489-0 320 $aIncludes bibliographical references and index. 327 $aIntro -- Table of Contents -- Preface -- Introduction: A Loveless World -- Background of the Problem -- Statement of the Problem -- Purpose of the Book -- Importance of the Book -- Theoretical Foundation and Conceptual Framework -- Scope and Methodologyof the Book -- Chapter 1: Review of the Literature I: Love Conceptualized -- Conceptualization of Love and Self-Love -- Distinction Between Narcissismand Authentic Self-Love -- Inhibitions and Maladjustment -- Humanistic Psychology -- Existential Psychotherapy -- Object Relations Theory -- Systems Theory -- Categorical Definitions of Love -- Existential Psychotherapy -- Humanistic Psychology -- Theory of Object Relations -- Theories on Love: Psychology and Philosophy -- Erich Fromm: Love as Art and Attitude -- Harry G. Frankfurt: Reasons for Loving -- Rollo May: Love and Will -- C. S. Lewis: Nature of Love as Four Loves -- Thomas Lewis, Fari Amini, and Richard Lannon: Scientific Theory of Love -- Chapter 2: Review of the Literature II: Love and Psychotherapy -- A Central Theme of Love in Psychotherapy: Love Actualized -- A Systemic/Relational View: Love in Marital and Family Therapy -- Conceptualization of Change: Love and Positive Change -- The Role of Psychotherapist: A Loving Guide and Facilitator -- Theological/Spiritual Teachings on Love -- Buddhism on Love -- Islam on Love -- Christianity on Love -- Judaism on Love -- Persian Literature on Love -- Rumi -- Omar Khayya?m -- Hafez -- Sa'adi -- Ferdowsi -- Chapter 3: Review of the Literature III: Theological and Philosophical Views On Love -- Chapter 4: Summary and Conclusions -- The Relationship of Love to Psychotherapeutic Interaction in Psychology and Marital and Family Therapy -- Glossary -- References -- About the Author. 606 $aSelf-acceptance 606 $aSelf-esteem 606 $aPsychotherapy 615 0$aSelf-acceptance. 615 0$aSelf-esteem. 615 0$aPsychotherapy. 676 $a616.8914 700 $aIrvani$b Sepideh$01569176 801 0$bMiAaPQ 801 1$bMiAaPQ 801 2$bMiAaPQ 906 $aBOOK 912 $a9910793580103321 996 $aAuthentic self-love$93841864 997 $aUNINA LEADER 04368nam 22005535 450 001 9910736030503321 005 20230729071437.0 010 $a9783658384630 010 $a3658384638 024 7 $a10.1007/978-3-658-38463-0 035 $a(MiAaPQ)EBC30669122 035 $a(Au-PeEL)EBL30669122 035 $a(DE-He213)978-3-658-38463-0 035 $a(PPN)272254835 035 $a(CKB)27878832600041 035 $a(OCoLC)1392342583 035 $a(EXLCZ)9927878832600041 100 $a20230729d2023 u| 0 101 0 $aeng 135 $aurcnu|||||||| 181 $ctxt$2rdacontent 182 $cc$2rdamedia 183 $acr$2rdacarrier 200 10$aPractice of Vibration Measurement $eMeasurement Technology and Vibration Analysis with MATLAB® /$fby Thomas Kuttner, Armin Rohnen 205 $a1st ed. 2023. 210 1$aWiesbaden :$cSpringer Fachmedien Wiesbaden :$cImprint: Springer,$d2023. 215 $a1 online resource (547 pages) 311 08$aPrint version: Kuttner, Thomas Practice of Vibration Measurement Wiesbaden : Springer Fachmedien Wiesbaden GmbH,c2023 9783658384623 327 $aVibrations and their measurement -- Measurement task and its realization -- Vibrations in the time and frequency domain -- Free vibrations -- Forced vibrations -- Vibration transducers -- Displacement transducers -- Fast transducers (vibration velocity transducers) -- Acceleration transducers -- Deformational transducers -- Signal processing -- MATLAB® and data formats - an introduction -- Measuring with MATLAB® -- Raspberry Pi as a measuring device -- Methods and examples for signal analysis -- Experimental modal analysis. 330 $aThis technical book deals clearly with the construction and practical operation of vibration measurement systems. It describes the functioning of the entire measurement chain from the transducer to the evaluation and illustrates the interaction of the elements with numerous practical examples. A completely new focus is vibration analysis using MATLAB®. Contents Vibrations and their measurement - Measurement task and its realization - Vibrations in the time and frequency domain - Free vibrations - Forced vibrations - Vibration transducers - Displacement transducers - Fast transducers (vibration velocity transducers) - Acceleration transducers - Deformation transducers - Signal processing - MATLAB® and data formats, an introduction - Measuring with MATLAB® - Raspberry Pi as a measuring device - Methods and examples for signal analysis - Experimental modal analysis The target groups Students with basic knowledge and young professionals who want to solve their first practical measurement tasks independently Engineers and technicians in industrial practice who plan, perform and evaluate measurements Specialists for a part of the measurement chain and career changers who want to better understand the interaction within the measurement chain The authors Prof. Thomas Kuttner teaches at the University of the Federal Armed Forces Munich, Faculty of Mechanical Engineering. His work focuses on vibration measurement technology, experimental fatigue strength and test bench technology. Dipl.-Ing. Armin Rohnen teaches at the Munich University of Applied Sciences, Faculty of Mechanical Engineering, Automotive Engineering, Aircraft Engineering. He is specialized in the application of MATLAB® in measurement and signal analysis. This book is a translation of an original German edition. The translation was done with the help of artificial intelligence (machine translation by the service DeepL.com). A subsequent human revision was done primarily in terms of content, so that the book will read stylistically differently from a conventional translation. 606 $aAutomatic control 606 $aAutomotive engineering 606 $aControl and Systems Theory 606 $aAutomotive Engineering 615 0$aAutomatic control. 615 0$aAutomotive engineering. 615 14$aControl and Systems Theory. 615 24$aAutomotive Engineering. 676 $a629.8312 676 $a003 700 $aKuttner$b Thomas$01380393 701 $aRohnen$b Armin$01380394 801 0$bMiAaPQ 801 1$bMiAaPQ 801 2$bMiAaPQ 906 $aBOOK 912 $a9910736030503321 996 $aPractice of Vibration Measurement$93421653 997 $aUNINA